00191nam a2200073Ia 4500008004100000100000900041245004500050260002200095190216s9999||||xx |||||||||||||| ||und|| aNull 0aHindi-Bachan Ka Sahithya Kavya Aur Shilp bSamayik Prakashan